[Event "Ambalangoda Dhamso op 3rd"]
[Site "Ambalangoda"]
[Date "2013.02.24"]
[Round "8"]
[White "De Silva, Elath Mathanga"]
[Black "Rajadharshini, M."]
[Result "1/2-1/2"]
[WhiteElo "1883"]
[BlackElo "2039"]
[PlyCount "98"]
[EventDate "2013.02.21"]
[EventType "swiss"]
[EventRounds "9"]
[EventCountry "SRI"]
[SourceTitle "CBM 153 Extra"]
[Source "ChessBase"]
[SourceDate "2013.04.22"]
[SourceVersion "1"]
[SourceVersionDate "2013.04.22"]
[SourceQuality "1"]

1. d4 e6 2. c4 b6 3. Nf3 Bb7 4. a3 d6 5. Nc3 f5 6. d5 e5 7. Ng5 Bc8 8. e4 f4 9. h4 Be7 10. Nf3 Bg4 11. g3 fxg3 12. fxg3 Nf6 13. Be2 Nbd7 14. Ng5 Bxe2 15. Qxe2 Nf8 16. Bd2 h6 17. Nh3 Qd7 18. 0-0-0 c5 19. Rdg1 Qg4 20. Qg2 a6 21. Nf2 Qd7 22. g4 b5 23. g5 Nh5 24. Qf3 hxg5 25. hxg5 g6 26. Ng4 b4 27. Nb1 bxa3 28. Nxa3 Rb8 29. Nf6+ Bxf6 30. gxf6 Qb7 31. Bc3 Rh7 32. Nc2 Rf7 33. Rxh5 gxh5 34. Qxh5 Kd8 35. Qh8 Qd7 36. Rg8 Kc7 37. Rg7 Ng6 38. Qh7 Rxg7 39. fxg7 Ne7 40. Ba5+ Kb7 41. Ne3 Ng8 42. Nf5 Ka8 43. Qg6 Qa4 44. Bc3 Qxc4 45. Nxd6 Qf1+ 46. Kc2 Qe2+ 47. Kc1 Qf1+ 48. Kc2 Qe2+ 49. Kc1 Qf1+ 1/2-1/2

[Event "IND-chB (Women) 34th"]
[Site "Hyderabad"]
[Date "2007.05.21"]
[Round "?"]
[White "Rajadharshini, M."]
[Black "Mohana, Sengupta"]
[Result "1-0"]
[WhiteElo "2086"]
[BlackElo "1945"]
[PlyCount "61"]
[EventDate "2007.05.21"]
[EventType "swiss"]
[EventRounds "11"]
[EventCountry "IND"]
[SourceTitle "EXT 2010"]
[Source "ChessBase"]
[SourceDate "2010.11.25"]
[SourceVersion "1"]
[SourceVersionDate "2010.11.25"]
[SourceQuality "1"]

1. c4 e6 2. Nc3 d5 3. cxd5 exd5 4. d4 c6 5. Bf4 Bf5 6. e3 Nd7 7. Bd3 Bxd3 8. Qxd3 Ngf6 9. Nf3 Be7 10. h3 0-0 11. 0-0 Nh5 12. Bh2 f5 13. Rab1 a5 14. a3 f4 15. e4 dxe4 16. Nxe4 Kh8 17. b4 axb4 18. axb4 Qe8 19. Nc5 Nxc5 20. bxc5 Qd7 21. Ne5 Qd5 22. Rfe1 Bf6 23. Qd1 g6 24. Rxb7 Rad8 25. Qg4 Qxd4 26. Nf7+ Rxf7 27. Rxf7 Qxc5 28. Qe6 Be5 29. Rxe5 Ng7 30. Qe7 Qxe5 31. Rf8+ 1-0

[Event "Asia-ch U18 Girls"]
[Site "Bishkek"]
[Date "2006.??.??"]
[Round "7"]
[White "Sivasankari, P."]
[Black "Rajadharshini, M."]
[Result "1-0"]
[WhiteElo "2068"]
[BlackElo "2076"]
[PlyCount "91"]
[EventDate "2006.09.02"]
[EventType "swiss"]
[EventRounds "9"]
[EventCountry "KGZ"]
[SourceTitle "EXT 2007"]
[Source "ChessBase"]
[SourceDate "2006.11.23"]
[SourceVersion "1"]
[SourceVersionDate "2006.11.23"]
[SourceQuality "1"]

1. d4 d5 2. c4 c6 3. Nf3 Nf6 4. Nc3 a6 5. e3 g6 6. Bd3 Bg7 7. 0-0 0-0 8. a4 b6 9. b4 dxc4 10. Bxc4 c5 11. bxc5 bxc5 12. Bb2 cxd4 13. Nxd4 Qc7 14. Qe2 Nc6 15. Nxc6 Qxc6 16. Rfd1 Be6 17. Bxe6 Qxe6 18. a5 Ne4 19. Nd5 Bxb2 20. Qxb2 Rad8 21. Qd4 Rd7 22. f3 Nc3 23. Qxc3 Rxd5 24. Rxd5 Qxd5 25. Rb1 Rd8 26. h3 f6 27. Rb6 Qd1+ 28. Kh2 Rd2 29. Qc4+ Kg7 30. Rb7 Rd7 31. Rxd7 Qxd7 32. Qxa6 g5 33. Qb6 Qd5 34. Qc7 Qe6 35. f4 gxf4 36. Qxf4 Qa6 37. Qb4 Kg6 38. Qb6 Qa8 39. a6 Qe4 40. Qc7 e5 41. Qc5 f5 42. a7 f4 43. Qf8 Qxe3 44. Qg8+ Kh5 45. Qg4+ Kh6 46. a8Q 1-0

[Event "Wch U18 Girls"]
[Site "Heraklion"]
[Date "2004.11.07"]
[Round "5"]
[White "Rajadharshini, M."]
[Black "Nechaeva, Marina"]
[Result "0-1"]
[WhiteElo "2029"]
[BlackElo "2289"]
[PlyCount "98"]
[EventDate "2004.11.04"]
[EventType "swiss"]
[EventRounds "11"]
[EventCountry "GRE"]
[SourceTitle "EXT 2005"]
[Source "ChessBase"]
[SourceDate "2004.11.15"]
[SourceVersion "1"]
[SourceVersionDate "2004.11.15"]
[SourceQuality "1"]

1. e4 c5 2. Nc3 Nc6 3. g3 g6 4. Bg2 Bg7 5. d3 d6 6. Nge2 Nf6 7. 0-0 0-0 8. f4 Rb8 9. h3 Nd7 10. Nd5 b5 11. Ne3 b4 12. g4 Nd4 13. f5 Nxe2+ 14. Qxe2 e6 15. Nc4 Ne5 16. Nxe5 Bxe5 17. Rb1 exf5 18. gxf5 Re8 19. Qf3 gxf5 20. exf5 Bb7 21. Qh5 Kh8 22. Bxb7 Rxb7 23. Bf4 Rg8+ 24. Kh2 Qf6 25. Bxe5 Qxe5+ 26. Kh1 Qd5+ 27. Qf3 Qxf3+ 28. Rxf3 Re7 29. Rg1 Re2 30. Rxg8+ Kxg8 31. Rg3+ Kf8 32. Rg2 Re1+ 33. Kh2 Rf1 34. Rg5 Rf2+ 35. Rg2 Rxf5 36. h4 Rf1 37. Kg3 Ra1 38. Kf3 Rxa2 39. b3 a5 40. Re2 a4 41. bxa4 Rxa4 42. Re4 Ra3 43. Re2 Ra2 44. Ke3 d5 45. h5 c4 46. dxc4 dxc4 47. Rd2 b3 48. Rd8+ Ke7 49. Rb8 Rxc2 0-1

[Event "Asia-ch U18 Girls"]
[Site "Tehran"]
[Date "2004.04.07"]
[Round "6"]
[White "Paridar, Shadi"]
[Black "Rajadharshini, M."]
[Result "1/2-1/2"]
[WhiteElo "2265"]
[BlackElo "2038"]
[PlyCount "38"]
[EventDate "2004.04.03"]
[EventType "swiss"]
[EventRounds "9"]
[EventCountry "IRI"]
[SourceTitle "CBM 099 Extra"]
[Source "ChessBase"]
[SourceDate "2004.05.04"]
[SourceVersion "1"]
[SourceVersionDate "2004.05.04"]
[SourceQuality "1"]

1. e4 c6 2. d4 d5 3. exd5 cxd5 4. c4 dxc4 5. Bxc4 Qc7 6. Qc2 e6 7. Nf3 Nd7 8. a4 Bd6 9. Na3 a6 10. Bd2 Ngf6 11. 0-0 0-0 12. Rfc1 Qb8 13. h3 Nb6 14. Bd3 Bd7 15. a5 Nbd5 16. Nc4 Bf4 17. Nfe5 Bxd2 18. Nxd7 Nxd7 19. Qxd2 h6 1/2-1/2

[Event "Asia-ch U18 Girls"]
[Site "Tehran"]
[Date "2004.04.06"]
[Round "5"]
[White "Rajadharshini, M."]
[Black "Hoang, Thi Bao Tram"]
[Result "0-1"]
[WhiteElo "2038"]
[BlackElo "2177"]
[PlyCount "78"]
[EventDate "2004.04.03"]
[EventType "swiss"]
[EventRounds "9"]
[EventCountry "IRI"]
[SourceTitle "CBM 099 Extra"]
[Source "ChessBase"]
[SourceDate "2004.05.04"]
[SourceVersion "1"]
[SourceVersionDate "2004.05.04"]
[SourceQuality "1"]

1. c4 e5 2. Nc3 Nc6 3. g3 g6 4. Bg2 Bg7 5. d3 d6 6. e3 Nge7 7. Nge2 Be6 8. Nd5 0-0 9. 0-0 Rb8 10. Rb1 a6 11. b3 b5 12. Bb2 f5 13. Qd2 Qd7 14. Kh1 g5 15. Nxe7+ Nxe7 16. f4 g4 17. cxb5 axb5 18. e4 Ng6 19. d4 fxe4 20. Bxe4 exf4 21. Nxf4 Nxf4 22. Rxf4 Rxf4 23. Qxf4 Rf8 24. Qd2 Bf5 25. Bd5+ Kh8 26. Rc1 Qe7 27. Re1 Qf6 28. Bc6 Bg6 29. Kg1 b4 30. Qe2 Bd3 31. Qg2 Ba6 32. Rb1 Bd3 33. Re1 Ba6 34. Rb1 Qe6 35. Kh1 Qe3 36. Qg1 Qe2 37. Qd1 Rf2 38. Qxe2 Rxe2 39. Kg1 Rxb2 0-1

[Event "Asia-ch U18 Girls"]
[Site "Tehran"]
[Date "2004.04.05"]
[Round "4"]
[White "Bayat, Shohreh"]
[Black "Rajadharshini, M."]
[Result "1/2-1/2"]
[WhiteElo "2103"]
[BlackElo "2038"]
[PlyCount "38"]
[EventDate "2004.04.03"]
[EventType "swiss"]
[EventRounds "9"]
[EventCountry "IRI"]
[SourceTitle "CBM 099 Extra"]
[Source "ChessBase"]
[SourceDate "2004.05.04"]
[SourceVersion "1"]
[SourceVersionDate "2004.05.04"]
[SourceQuality "1"]

1. e4 c6 2. d4 d5 3. exd5 cxd5 4. Bd3 Nc6 5. c3 g6 6. Bf4 Bg7 7. Nf3 Nf6 8. h3 0-0 9. 0-0 a6 10. Nbd2 b5 11. a3 Na5 12. b4 Nc4 13. Nxc4 dxc4 14. Bc2 Nd5 15. Bd2 Qd6 16. Re1 Bb7 17. Be4 Rfe8 18. Qc1 Bc6 19. Bh6 Bh8 1/2-1/2

[Event "Asia-ch U18 Girls"]
[Site "Tehran"]
[Date "2004.04.03"]
[Round "1"]
[White "Rajadharshini, M."]
[Black "Karavade, Eesha"]
[Result "0-1"]
[WhiteElo "2038"]
[BlackElo "2270"]
[PlyCount "102"]
[EventDate "2004.04.03"]
[EventType "swiss"]
[EventRounds "9"]
[EventCountry "IRI"]
[SourceTitle "CBM 099 Extra"]
[Source "ChessBase"]
[SourceDate "2004.05.04"]
[SourceVersion "1"]
[SourceVersionDate "2004.05.04"]
[SourceQuality "1"]

1. e4 c5 2. Nc3 d6 3. g3 Nc6 4. Bg2 g6 5. d3 Bg7 6. Nge2 e6 7. 0-0 Nge7 8. Be3 Nd4 9. Rb1 0-0 10. Qd2 Rb8 11. Nd1 b6 12. f4 Bb7 13. Nf2 f5 14. c3 Nxe2+ 15. Qxe2 d5 16. e5 d4 17. cxd4 cxd4 18. Bd2 Bxg2 19. Kxg2 Nd5 20. Nh3 Qd7 21. Ng5 Rfc8 22. Nf3 Qb7 23. Kh3 Ne3 24. Bxe3 dxe3 25. Qxe3 Rc2 26. Rf2 Rbc8 27. Rbf1 Qd5 28. a3 h6 29. Ne1 Rc1 30. Nf3 R1c2 31. Ne1 R2c7 32. Qf3 Qb5 33. g4 Rf8 34. Qg2 Kh7 35. Rg1 Qe8 36. g5 Rh8 37. gxh6 Bxh6 38. Qf3 Rg8 39. Rg3 Qa4 40. Kg2 Rc1 41. Kf1 Rgc8 42. Rh3 Rxe1+ 43. Kxe1 Rc1+ 44. Kd2 Qc2+ 45. Ke3 Re1+ 46. Re2 Qc1+ 47. Kf2 Rf1+ 48. Kg2 Rxf3 49. Rxf3 Bxf4 50. Rf1 Qc6+ 51. Kh3 g5 0-1

[Event "Commonwealth-ch"]
[Site "Mumbai"]
[Date "2004.01.11"]
[Round "2"]
[White "Rajadharshini, M."]
[Black "Konguvel, Ponnuswamy"]
[Result "0-1"]
[WhiteElo "2037"]
[BlackElo "2366"]
[PlyCount "77"]
[EventDate "2004.01.10"]
[EventType "swiss"]
[EventRounds "9"]
[EventCountry "IND"]
[SourceTitle "EXT 2006"]
[Source "ChessBase"]
[SourceDate "2005.11.24"]
[SourceVersion "1"]
[SourceVersionDate "2005.11.24"]
[SourceQuality "1"]

1. e4 c5 2. Nc3 Nc6 3. g3 g6 4. Bg2 Bg7 5. d3 d6 6. Nh3 Nf6 7. 0-0 0-0 8. f3 d5 9. Kh1 h6 10. Rb1 e5 11. exd5 Nxd5 12. Nxd5 Qxd5 13. Be3 Be6 14. a3 b6 15. f4 Qd7 16. Nf2 Rad8 17. fxe5 Nxe5 18. b4 Bd5 19. Ne4 c4 20. Bf4 cxd3 21. cxd3 Qb7 22. Bxe5 Bxe5 23. Qe2 f5 24. Nd2 Bxg2+ 25. Qxg2 Qxg2+ 26. Kxg2 Rxd3 27. Nf3 Bf6 28. a4 Re8 29. Rbc1 Bc3 30. a5 Bxb4 31. axb6 axb6 32. Rc6 Re2+ 33. Rf2 Rxf2+ 34. Kxf2 Bc5+ 35. Kg2 Rd6 36. Rc8+ Kg7 37. Ne5 Kf6 38. Nc4 Re6 39. Kf3 0-1

[Event "Wch U20 Girls 19th"]
[Site "Goa"]
[Date "2002.12.18"]
[Round "11"]
[White "Rajadharshini, M."]
[Black "Tsai, Cindy"]
[Result "1/2-1/2"]
[WhiteElo "2045"]
[BlackElo "2204"]
[PlyCount "117"]
[EventDate "2002.12.09"]
[EventType "swiss"]
[EventRounds "13"]
[EventCountry "IND"]
[SourceTitle "CBM 091 Extra"]
[Source "ChessBase"]
[SourceDate "2003.01.09"]
[SourceVersion "1"]
[SourceVersionDate "2003.01.09"]
[SourceQuality "1"]

1. c4 Nf6 2. Nc3 d5 3. cxd5 Nxd5 4. g3 c5 5. Bg2 Nc7 6. d3 e5 7. Nf3 Nc6 8. 0-0 Be7 9. Bd2 0-0 10. Qc1 f6 11. Ne1 Nd4 12. Nc2 Rb8 13. Re1 b6 14. Ne3 Bb7 15. Bxb7 Rxb7 16. b3 Qd7 17. Ng2 f5 18. f4 Bf6 19. Rb1 Nce6 20. fxe5 Bxe5 21. Nf4 Nxf4 22. Bxf4 Qd6 23. Bxe5 Qxe5 24. Qf4 Re7 25. Qxe5 Rxe5 26. Kf2 Nc2 27. Rec1 Ne3 28. h3 Rf6 29. Nd1 f4 30. g4 Rh6 31. Nxe3 Rxe3 32. Rc4 g5 33. Rh1 Rhxh3 34. Rxh3 Rxh3 35. d4 cxd4 36. Rxd4 Rg3 37. Rd8+ Kg7 38. Rd7+ Kg6 39. Rxa7 Rxg4 40. Ra6 h5 41. Rxb6+ Kf5 42. a4 h4 43. a5 h3 44. a6 Rg2+ 45. Kf1 f3 46. exf3 Ra2 47. Rh6 Kf4 48. Rxh3 Rxa6 49. Rh2 Ra1+ 50. Kg2 Rb1 51. Rh1 Rb2+ 52. Kh3 Rxb3 53. Ra1 Rxf3+ 54. Kg2 Kg4 55. Ra4+ Rf4 56. Rxf4+ Kxf4 57. Kf2 g4 58. Kg2 g3 59. Kg1 1/2-1/2

[Event "Wch U20 Girls 19th"]
[Site "Goa"]
[Date "2002.12.16"]
[Round "9"]
[White "Soumya, Swaminathan"]
[Black "Rajadharshini, M."]
[Result "0-1"]
[WhiteElo "2095"]
[BlackElo "2045"]
[PlyCount "102"]
[EventDate "2002.12.09"]
[EventType "swiss"]
[EventRounds "13"]
[EventCountry "IND"]
[SourceTitle "CBM 091 Extra"]
[Source "ChessBase"]
[SourceDate "2003.01.09"]
[SourceVersion "1"]
[SourceVersionDate "2003.01.09"]
[SourceQuality "1"]

1. e4 c6 2. Nc3 d5 3. d4 dxe4 4. Nxe4 Bf5 5. Ng3 Bg6 6. h4 h6 7. Nf3 Nd7 8. h5 Bh7 9. Bd3 Bxd3 10. Qxd3 Qc7 11. Bd2 e6 12. 0-0-0 Ngf6 13. Ne4 0-0-0 14. c4 c5 15. Nxf6 Nxf6 16. Bc3 cxd4 17. Bxd4 Bc5 18. Kb1 Bxd4 19. Nxd4 Kb8 20. Qe2 a6 21. g3 Qc5 22. Nb3 Qf5+ 23. Ka1 Qe4 24. Nc1 Qxe2 25. Nxe2 Rxd1+ 26. Rxd1 Nxh5 27. Rd7 Rf8 28. Nc3 Nf6 29. Re7 Ng8 30. Rd7 Kc8 31. Rd4 Nf6 32. Kb1 Rd8 33. Rxd8+ Kxd8 34. Kc2 Kd7 35. Kd3 g5 36. Kd4 h5 37. f3 h4 38. g4 Kd6 39. c5+ Kc6 40. a4 h3 41. Nd1 h2 42. Nf2 a5 43. Nh1 Nd7 44. b3 Nxc5 45. Kc4 Nd7 46. Kd4 Kd6 47. Kc4 Ne5+ 48. Kb5 Nxf3 49. Kxa5 Kc5 50. b4+ Kc6 51. b5+ Kc5 0-1

[Event "Wch U20 Girls 19th"]
[Site "Goa"]
[Date "2002.12.11"]
[Round "4"]
[White "Rajadharshini, M."]
[Black "Anuprita, Patil"]
[Result "1/2-1/2"]
[WhiteElo "2045"]
[BlackElo "2093"]
[PlyCount "75"]
[EventDate "2002.12.09"]
[EventType "swiss"]
[EventRounds "13"]
[EventCountry "IND"]
[SourceTitle "CBM 091 Extra"]
[Source "ChessBase"]
[SourceDate "2003.01.09"]
[SourceVersion "1"]
[SourceVersionDate "2003.01.09"]
[SourceQuality "1"]

1. c4 c5 2. Nf3 Nc6 3. Nc3 g6 4. g3 Bg7 5. Bg2 e6 6. e4 d6 7. 0-0 Nge7 8. d3 0-0 9. Rb1 Rb8 10. Be3 Nd4 11. Qd2 b6 12. Bh6 Nxf3+ 13. Bxf3 Nc6 14. Bxg7 Kxg7 15. Bg2 Nd4 16. Ne2 Nxe2+ 17. Qxe2 e5 18. f4 f6 19. Rf2 Qe7 20. Qf1 Qd7 21. h4 h6 22. Kh2 Qe8 23. Bh3 a6 24. Bxc8 Qxc8 25. Rf3 Qg4 26. Qf2 g5 27. fxg5 fxg5 28. Rf1 Rxf3 29. Qxf3 Qxf3 30. Rxf3 gxh4 31. gxh4 Rf8 32. Rxf8 Kxf8 33. h5 Kf7 34. Kg3 Kf6 35. Kg4 Ke6 36. Kh4 Kf6 37. Kg4 Ke6 38. Kh4 1/2-1/2

[Event "Asia-ch U14 Girls"]
[Site "Tehran"]
[Date "2002.03.30"]
[Round "3"]
[White "Rajadharshini, M."]
[Black "Nadig, Kruttika"]
[Result "0-1"]
[WhiteElo "2066"]
[BlackElo "2113"]
[PlyCount "114"]
[EventDate "2002.03.28"]
[EventType "swiss"]
[EventRounds "9"]
[EventCountry "IRI"]
[SourceTitle "CBM 087 Extra"]
[Source "ChessBase"]
[SourceDate "2002.05.03"]
[SourceVersion "2"]
[SourceVersionDate "2002.08.09"]
[SourceQuality "1"]

1. c4 c5 2. Nf3 Nf6 3. Nc3 d5 4. cxd5 Nxd5 5. d4 Nxc3 6. bxc3 e6 7. e3 Nc6 8. Be2 Be7 9. 0-0 0-0 10. Bb2 b6 11. e4 cxd4 12. cxd4 Bf6 13. Qd2 Bb7 14. Rad1 Rc8 15. d5 exd5 16. exd5 Na5 17. Ba3 Re8 18. Bb5 Re4 19. Qd3 Rf4 20. Qd2 Rf5 21. Rfe1 Rxd5 22. Qe2 h6 23. Qf1 Bc6 24. Bxc6 Nxc6 25. Re8+ Qxe8 26. Rxd5 Qe6 27. Qd1 Re8 28. Kf1 Bc3 29. h3 Qe4 30. Rd3 Qc4 31. Qc2 Rd8 32. Ne1 Rxd3 33. Qxd3 Qxd3+ 34. Nxd3 Nd4 35. Nf4 Nc2 36. Bd6 Nb4 37. Bxb4 Bxb4 38. Ke2 Kf8 39. Nd5 Bc5 40. f3 Ke8 41. Kd3 Kd7 42. Nc3 Kc6 43. Kc4 a6 44. a4 g6 45. g4 Bf8 46. Ne4 b5+ 47. axb5+ axb5+ 48. Kb3 Kd5 49. Nc3+ Kc5 50. Ne2 b4 51. h4 Be7 52. h5 gxh5 53. gxh5 Bf8 54. f4 Kd5 55. Ng3 Bd6 56. Nf5 Bxf4 57. Nh4 Ke5 0-1